000 00857nam a2200253 i 4500
001 000031376
003 DO-SdBNP
005 20240312141344.0
007 ta
008 110620s1952 dr 000 | spa d
040 _aDO-SdBNP
_bspa
_cBNPHU
_erda
049 _aBNPD
082 4 _bP349t
_222
100 1 _aPeña Batlle, Manuel Arturo,
_d1902-1952
_98406
_eautor
245 1 3 _aEl tratado de Basilea y la desnacionalización del Santo Domingo español /
_cManuel A. Peña Batlle.
264 _aCiudad Trujillo, República Dominicana :
_bImpresora Dominicana,
_c1952.
300 _a60 páginas ;
_c22 cm.
336 _2rdacontent
_atexto
_btxt
337 _2rdamedia
_asin mediación
_bn
338 _2rdacarrier
_avolumen
_bnc
490 1 _aCuadernos de interpretación histórica
_v1
500 _aIncluye notas al pie de las páginas.
942 _2ddc
_cLBS1
999 _c30868
_d30868